<?xml version="1.0" encoding="UTF-8"?>
<record
    xmlns:xsi="http://www.w3.org/2001/XMLSchema-instance"
    xsi:schemaLocation="http://www.loc.gov/MARC21/slim http://www.loc.gov/standards/marcxml/schema/MARC21slim.xsd"
    xmlns="http://www.loc.gov/MARC21/slim">

  <leader>01916nam0a22004451  4500</leader>
  <controlfield tag="001">RU\NLR\bibl\346042</controlfield>
  <controlfield tag="005">20250621152434.0</controlfield>
  <datafield tag="010" ind1=" " ind2=" ">
    <subfield code="a">5-93165-090-3</subfield>
    <subfield code="b">&#x412; &#x43F;&#x435;&#x440;.</subfield>
    <subfield code="9">1000</subfield>
  </datafield>
  <datafield tag="021" ind1=" " ind2=" ">
    <subfield code="a">RU</subfield>
    <subfield code="b">2002-43986</subfield>
    <subfield code="9">2132</subfield>
  </datafield>
  <datafield tag="035" ind1=" " ind2=" ">
    <subfield code="a">(NLR Aleph) 000340861</subfield>
  </datafield>
  <datafield tag="090" ind1=" " ind2=" ">
    <subfield code="a">215607</subfield>
    <subfield code="c">215607</subfield>
  </datafield>
  <datafield tag="100" ind1=" " ind2=" ">
    <subfield code="a">20021121d2002    |||y0rusy50      ca</subfield>
  </datafield>
  <datafield tag="101" ind1="0" ind2=" ">
    <subfield code="a">rus</subfield>
  </datafield>
  <datafield tag="102" ind1=" " ind2=" ">
    <subfield code="a">RU</subfield>
  </datafield>
  <datafield tag="105" ind1=" " ind2=" ">
    <subfield code="a">a   |||||||||</subfield>
  </datafield>
  <datafield tag="200" ind1="1" ind2=" ">
    <subfield code="a">&#x410;&#x444;&#x433;&#x430;&#x43D;&#x438;&#x441;&#x442;&#x430;&#x43D;</subfield>
    <subfield code="f">&#x421;&#x43D;&#x435;&#x441;&#x430;&#x440;&#x435;&#x432; &#x410;. &#x415;</subfield>
  </datafield>
  <datafield tag="210" ind1=" " ind2=" ">
    <subfield code="a">&#x41C;.</subfield>
    <subfield code="c">&#x420;&#x443;&#x441;. &#x43F;&#x430;&#x43D;&#x43E;&#x440;&#x430;&#x43C;&#x430;</subfield>
    <subfield code="d">2002</subfield>
  </datafield>
  <datafield tag="215" ind1=" " ind2=" ">
    <subfield code="a">270,[1] &#x441;.</subfield>
    <subfield code="c">&#x438;&#x43B;., &#x43A;&#x430;&#x440;&#x442;&#x430;</subfield>
    <subfield code="d">22</subfield>
  </datafield>
  <datafield tag="225" ind1="1" ind2=" ">
    <subfield code="a">&#x412;&#x43E;&#x437;&#x432;&#x440;&#x430;&#x449;&#x435;&#x43D;&#x43D;&#x43E;&#x435; &#x43D;&#x430;&#x441;&#x43B;&#x435;&#x434;&#x438;&#x435;: &#x43F;&#x430;&#x43C;&#x44F;&#x442;&#x43D;&#x438;&#x43A;&#x438; &#x432;&#x43E;&#x435;&#x43D;&#x43D;&#x43E;&#x439; &#x43C;&#x44B;&#x441;&#x43B;&#x438;</subfield>
  </datafield>
  <datafield tag="320" ind1=" " ind2=" ">
    <subfield code="a">&#x418;&#x43C;&#x435;&#x43D;. &#x443;&#x43A;&#x430;&#x437;.: &#x441;. 266-271</subfield>
  </datafield>
  <datafield tag="320" ind1=" " ind2=" ">
    <subfield code="a">&#x411;&#x438;&#x431;&#x43B;&#x438;&#x43E;&#x433;&#x440;.: &#x441;. 264-265</subfield>
  </datafield>
  <datafield tag="423" ind1=" " ind2="0">
    <subfield code="1">2001#$a&#x410;&#x444;&#x433;&#x430;&#x43D;&#x441;&#x43A;&#x430;&#x44F; &#x445;&#x440;&#x43E;&#x43D;&#x438;&#x43A;&#x430;$f&#x428;&#x443;&#x43C;&#x43E;&#x432; &#x421;. &#x410;., &#x410;&#x43D;&#x434;&#x440;&#x435;&#x435;&#x432; &#x410;. &#x420;.$g[&#x412;&#x441;&#x442;&#x443;&#x43F;. &#x441;&#x442;. &#x412;. &#x412;. &#x416;&#x438;&#x440;&#x438;&#x43D;&#x43E;&#x432;&#x441;&#x43A;&#x43E;&#x433;&#x43E;]</subfield>
    <subfield code="1">700#1$3RU\NLR\auth\7751945$a&#x428;&#x443;&#x43C;&#x43E;&#x432;$b&#x421;. &#x410;.$f1953-$g&#x421;&#x435;&#x440;&#x433;&#x435;&#x439; &#x410;&#x43B;&#x435;&#x43A;&#x441;&#x430;&#x43D;&#x434;&#x440;&#x43E;&#x432;&#x438;&#x447;$4070</subfield>
    <subfield code="1">701#1$3RU\NLR\auth\7726696$a&#x410;&#x43D;&#x434;&#x440;&#x435;&#x435;&#x432;$b&#x410;. &#x420;.$c&#x438;&#x441;&#x442;&#x43E;&#x440;&#x438;&#x43A;$f1957-$g&#x410;&#x43B;&#x435;&#x43A;&#x441;&#x430;&#x43D;&#x434;&#x440; &#x420;&#x430;&#x434;&#x44C;&#x435;&#x432;&#x438;&#x447;$4070</subfield>
    <subfield code="1">210##$a&#x41C;.$d2002</subfield>
    <subfield code="1">215##$a&#x421;. 231-263</subfield>
    <subfield code="t">&#x410;&#x444;&#x433;&#x430;&#x43D;&#x441;&#x43A;&#x430;&#x44F; &#x445;&#x440;&#x43E;&#x43D;&#x438;&#x43A;&#x430;</subfield>
    <subfield code="a">&#x428;&#x443;&#x43C;&#x43E;&#x432;, &#x421;&#x435;&#x440;&#x433;&#x435;&#x439; &#x410;&#x43B;&#x435;&#x43A;&#x441;&#x430;&#x43D;&#x434;&#x440;&#x43E;&#x432;&#x438;&#x447; (1953-)</subfield>
  </datafield>
  <datafield tag="607" ind1=" " ind2=" ">
    <subfield code="a">&#x410;&#x444;&#x433;&#x430;&#x43D;&#x438;&#x441;&#x442;&#x430;&#x43D;</subfield>
    <subfield code="x">&#x418;&#x441;&#x442;&#x43E;&#x440;&#x438;&#x44F;</subfield>
    <subfield code="9">910678</subfield>
    <subfield code="3">RU\NLR\auth\6612813</subfield>
  </datafield>
  <datafield tag="610" ind1="0" ind2=" ">
    <subfield code="a">&#x410;&#x444;&#x433;&#x430;&#x43D;&#x438;&#x441;&#x442;&#x430;&#x43D; - &#x418;&#x441;&#x442;&#x43E;&#x440;&#x438;&#x44F;</subfield>
  </datafield>
  <datafield tag="610" ind1="0" ind2=" ">
    <subfield code="a">&#x410;&#x444;&#x433;&#x430;&#x43D;&#x438;&#x441;&#x442;&#x430;&#x43D;, &#x438;&#x441;&#x442;&#x43E;&#x440;&#x438;&#x44F;</subfield>
  </datafield>
  <datafield tag="675" ind1=" " ind2=" ">
    <subfield code="a">94(581)</subfield>
    <subfield code="v">3</subfield>
    <subfield code="z">rus</subfield>
  </datafield>
  <datafield tag="686" ind1=" " ind2=" ">
    <subfield code="a">03.19</subfield>
    <subfield code="2">rugasnti</subfield>
  </datafield>
  <datafield tag="686" ind1=" " ind2=" ">
    <subfield code="a">63.3(5&#x410;&#x444;&#x433;)</subfield>
    <subfield code="2">rubbk</subfield>
  </datafield>
  <datafield tag="686" ind1=" " ind2=" ">
    <subfield code="a">&#x422;3(5&#x410;&#x444;)0,02</subfield>
  </datafield>
  <datafield tag="700" ind1=" " ind2="1">
    <subfield code="a">&#x421;&#x43D;&#x435;&#x441;&#x430;&#x440;&#x435;&#x432;</subfield>
    <subfield code="b">&#x410;. &#x415;.</subfield>
    <subfield code="4">070</subfield>
  </datafield>
  <datafield tag="801" ind1=" " ind2="0">
    <subfield code="a">RU</subfield>
    <subfield code="b">RKP</subfield>
    <subfield code="c">20021121</subfield>
    <subfield code="g">PSBO</subfield>
  </datafield>
  <datafield tag="801" ind1=" " ind2="1">
    <subfield code="a">RU</subfield>
    <subfield code="b">RKP</subfield>
    <subfield code="c">20021121</subfield>
  </datafield>
  <datafield tag="801" ind1=" " ind2="2">
    <subfield code="a">RU</subfield>
    <subfield code="b">NLR</subfield>
    <subfield code="c">20081101</subfield>
    <subfield code="g">rcr</subfield>
  </datafield>
  <datafield tag="852" ind1=" " ind2=" ">
    <subfield code="a">NLR</subfield>
    <subfield code="b">&#x41E;&#x41B;&#x421;&#x410;&#x410;-&#x441;&#x43B;-&#x441;&#x43F;&#x440;</subfield>
    <subfield code="j">3-3831</subfield>
  </datafield>
  <datafield tag="942" ind1=" " ind2=" ">
    <subfield code="c">BOOK</subfield>
  </datafield>
  <datafield tag="980" ind1=" " ind2=" ">
    <subfield code="a">NB</subfield>
  </datafield>
  <datafield tag="980" ind1="1" ind2=" ">
    <subfield code="a">SL_SPR</subfield>
  </datafield>
  <datafield tag="980" ind1=" " ind2=" ">
    <subfield code="a">ONL_RF</subfield>
  </datafield>
  <datafield tag="995" ind1=" " ind2=" ">
    <subfield code="5">2002-12-10</subfield>
    <subfield code="a">ad</subfield>
    <subfield code="b">NLR01</subfield>
    <subfield code="c">NLR01</subfield>
    <subfield code="e">RF8</subfield>
    <subfield code="f">1-431010</subfield>
    <subfield code="k">2002-5/7229</subfield>
    <subfield code="o">0</subfield>
    <subfield code="r">BOOK</subfield>
    <subfield code="s">200257229_</subfield>
  </datafield>
  <datafield tag="995" ind1=" " ind2=" ">
    <subfield code="5">2002-12-17</subfield>
    <subfield code="a">ad</subfield>
    <subfield code="b">NLR01</subfield>
    <subfield code="c">NLR01</subfield>
    <subfield code="e">RF8</subfield>
    <subfield code="f">389836</subfield>
    <subfield code="k">2002-5/7229</subfield>
    <subfield code="o">0</subfield>
    <subfield code="r">BOOK</subfield>
    <subfield code="s">200257229_</subfield>
  </datafield>
  <datafield tag="995" ind1=" " ind2=" ">
    <subfield code="5">2003-01-13</subfield>
    <subfield code="a">aa</subfield>
    <subfield code="b">NLR02</subfield>
    <subfield code="c">NLR02</subfield>
    <subfield code="e">NZ1</subfield>
    <subfield code="f">1-117098</subfield>
    <subfield code="k">&#x421;2 &#x422;3(5&#x410;&#x444;)/&#x421;-533</subfield>
    <subfield code="o">0</subfield>
    <subfield code="p">163.00</subfield>
    <subfield code="r">BOOK</subfield>
    <subfield code="s">2_35533</subfield>
  </datafield>
  <datafield tag="995" ind1=" " ind2=" ">
    <subfield code="5">2003-01-13</subfield>
    <subfield code="a">aa</subfield>
    <subfield code="b">NLR01</subfield>
    <subfield code="c">NLR01</subfield>
    <subfield code="e">OZ1</subfield>
    <subfield code="f">1-498584</subfield>
    <subfield code="k">&#x421;1 &#x422;&#x417;(5&#x410;&#x444;)/&#x421;-533</subfield>
    <subfield code="o">0</subfield>
    <subfield code="p">163.00</subfield>
    <subfield code="r">BOOK</subfield>
    <subfield code="s">1_5533</subfield>
  </datafield>
  <datafield tag="995" ind1=" " ind2=" ">
    <subfield code="5">2003-01-13</subfield>
    <subfield code="a">aa</subfield>
    <subfield code="b">NLR01</subfield>
    <subfield code="c">NLR01</subfield>
    <subfield code="e">OLS05</subfield>
    <subfield code="f">400665</subfield>
    <subfield code="o">0</subfield>
    <subfield code="p">163.00</subfield>
    <subfield code="r">BOOK</subfield>
  </datafield>
</record>
